Elementos étnicos que ha intervenido en la población de Chile
Gespeichert in:
| 1. Verfasser: | |
|---|---|
| Format: | Buch |
| Sprache: | Spanisch |
| Veröffentlicht: |
Santiago
La Ilustración
1919
|
| Schlagworte: | |
| Tags: |
Tag hinzufügen
Keine Tags, Fügen Sie den ersten Tag hinzu!
|
MARC
| LEADER | 00000nam a2200000 a 4500 | ||
|---|---|---|---|
| 001 | UCI4778 | ||
| 003 | CL-VaPUC | ||
| 008 | 080307e19190000CL |||||||||||||||||spa|d | ||
| 082 | 0 | 4 | |a 305.8 |b THA |2 21 |
| 100 | 0 | |a Thayer Ojeda, Luis |e author |9 506615 | |
| 245 | 1 | 0 | |a Elementos étnicos que ha intervenido en la población de Chile |
| 300 | |a 238 p | ||
| 942 | |c BK | ||
| 945 | |d 20080307 00:00:00 |a rbrito | ||
| 260 | |a Santiago |b La Ilustración |c 1919 | ||
| 500 | |a Donación padres capuchinos | ||
| 650 | 0 | |a Etnología |9 258726 | |
| 650 | 0 | |a Etnografía |9 309735 | |
| 650 | 0 | |a Antropología social |9 306264 | |
| 650 | 7 | |a GRUPOS ETNICOS |2 CL-VaPUC |9 324200 | |
| 650 | 0 | |a Poblaciones |9 338556 | |
| 650 | 7 | |a DINAMICA POBLACIONAL |2 CL-VaPUC |9 357685 | |
| 650 | 0 | |a Demografía |9 260008 | |
| 650 | 7 | |a MIGRACIONES POBLACIONALES |2 CL-VaPUC |9 357703 | |
| 651 | 7 | |a CHILE |2 CL-VaPUC |9 526811 | |
| 583 | |a last modification |c 20080307 00:00:00 |k Rodrigo Vera | ||
| 999 | |c 328625 |d 328623 | ||
| 952 | |0 0 |1 0 |4 0 |6 305_800000000000000_THA_1919 |7 0 |8 X |9 412693 |a FDOBUD |b FDOBUD |d 2019-11-22 |i 4409582 |o 305.8 THA 1919 |p 4409582 |r 2019-11-22 |w 2019-11-22 |y BK_X |k BUD | ||